header

Constructions of female homoeroticism in early modern drama (Record no. 187563)

MARC details
000 -LEADER
fixed length control field 01648nam a2200397Ia 4500
082 04 - DEWEY DECIMAL CLASSIFICATION NUMBER
Classification number 822/.309353
100 1# - MAIN ENTRY--AUTHOR NAME
Personal name Walen, Denise A.
245 10 - TITLE STATEMENT
Title Constructions of female homoeroticism in early modern drama
250 ## - EDITION STATEMENT
Edition statement 1st ed.
260 ## - PUBLICATION, DISTRIBUTION, ETC. (IMPRINT)
Place of publication New York :
Name of publisher Palgrave Macmillan,
Year of publication 2005.
300 ## - PHYSICAL DESCRIPTION
Number of Pages x, 230 p. :
Other physical details ill.
490 1# - SERIES STATEMENT
Series statement Early modern cultural studies
650 #0 - SUBJECT ADDED ENTRY--TOPICAL TERM
Topical Term English drama
Topical Term Homosexuality and literature
Topical Term Homosexuality and literature
Topical Term English drama
Topical Term Lesbians in literature.
Topical Term Women in literature.
856 40 - ELECTRONIC LOCATION AND ACCESS
Uniform Resource Identifier http://site.ebrary.com/lib/rucke/Doc?id=10135392

No items available.

© 2026 Rongo University
Contact us: librarian | system librarian | Rongo university